000
00294nam a22001337a 4500
008
170525b xxu||||| |||| 00| 0 eng d
020
_a
0070448167
041
_a
eng
080
_2
3RD
_a
621
100
_a
26
101
_a
IM
245
_a
ENGINEERING MECHANICS
_c
MCLEAN , W.G
942
_2
udc
_c
BK
999
_c
14196
_d
14196